Регионална библиотека "Любен Каравелов" - Русе

Георги Атанасов (Запис номер 209435)

MARC детайли
000 -Лидер
Контролно поле с фиксирана дължина 02033nkm a2200433 c 4500
003 - Код на организацията, давaща контролен номер
Контролно поле BLK
005 - Дата и час на последна редакция
Контролно поле 20200925160138.0
008 - Елементи от данни с фиксирана дължина
fixed length control field 180412b bul rap|r|||| r0| ||bulo|
010 ## - Наследен системен номер
LC control number KNG00126630000
040 ## - Източник на каталожния запис
Идентификатор на билиотеката - собственик на записа BLK
041 ## - Код за език
Код за езика на текст/звукозапис или на отделно заглавие Български
Код за езика КДБФ Български
Други езици Немски
-- Английски
-- Френски
-- Руски
080 ## - УДК
Текстов определител УДК Живопис
УДК код - определител по УДК 75
УДК определител 071.1(497.2)(092)
УДК - код + определител 75071.1(497.2)(092)
080 ## - УДК
Текстов определител УДК Театрална живопис. Сценография
УДК код - определител по УДК 75.054
УДК - код + определител 75.054
080 ## - УДК
Текстов определител УДК Български художник илюстратор, живописец, сценограф(1904-1952)
УДК код - определител по УДК 929 Атанасов, Георги
УДК - код + определител 929 Атанасов, Георги
100 1# - Редна дума - Автор
Автор Ангелов, Ангел Димитров
Авторска отговорност първи автор
R(LIN) 372596
139 ## - Редно поле
Редна дума Ангелов, Ангел Димитров
Авторски знак Ат - А 93
245 10 - Сведения за заглавието
Заглавие Георги Атанасов
Подзаглавни данни Моногр.
Редно поле (дума) Ангел Димитров Ангелов.
257 ## - Страна на издаване
Страна на създаване/издаване България
260 ## - Област на издателските данни
Име на издателя, разпространителя и проч. Бълг. художник
Година на издаване 1965
300 ## - Физическа характеристика
Страници 56 с.
Илюстрации и др. с репрод., 1 л. портр., 22 л. репрод.
Размери/Мащаб 22 см
380 ## - Жанр
Жанр Изкуство
490 1# - СЕРИИ (Колекции)
Име на серия Библиотека Нашето наследство
500 ## - Общи забележки
Забележка Рез. на рус., нем., фр., англ. - Списък на ил. - Бел за автора. - Пълното име на художника е Георги Атанасов Петров.
600 14 - Име на лице, използвано като предмет
За него / За нея Атанасов, Георги
9 (RLIN) 261699
650 #4 - Допълнително описание по предмет – тема
Основно описание – тема или топоним Атанасов, Георги
9 (RLIN) 261699
650 #4 - Допълнително описание по предмет – тема
Основно описание – тема или топоним Художници, български - албуми
9 (RLIN) 290224
651 #4 - Допълнително описание по предмет - топоним
Географско понятие България
9 (RLIN) 241624
653 ## - Ключова дума – ненормативна
Ключова дума илюстрации
653 ## - Ключова дума – ненормативна
Ключова дума графика
653 ## - Ключова дума – ненормативна
Ключова дума живопис
653 ## - Ключова дума – ненормативна
Ключова дума художници
653 ## - Ключова дума – ненормативна
Ключова дума Георги Атанасов
653 ## - Ключова дума – ненормативна
Ключова дума биографии
852 ## - Местоположение
Форматна сигнатура Цб 300983
856 4# - Електронен адрес и достъп
Електронен формат pdf - файл
Път до файла /url/
856 4# - Електронен адрес и достъп
Електронен формат pdf - файл
Път до файла /url/
999 ## - СИСТЕМНИ КОНТРОЛНИ НОМЕРА
Koha biblionumber 209435
Koha biblioitemnumber 209435
942 ## - АРТИКУЛИ
Вид на библиотечния материал Графични издания
Скрит в OPAC Не
Периодичен библиозапис Да
944 ## - СЪЗДАВАНЕ И РЕДАКЦИЯ на ЗАПИСА
Създаване/Редакция Създаване
Дата на регистрацията/редакция 23.01.2012
Статус, дата на статуса 23.01.2012 - от С1,Р / 23.01.2012
Служител, извършил регистрацията/редакцията Ирена_Линкова
944 ## - СЪЗДАВАНЕ И РЕДАКЦИЯ на ЗАПИСА
Създаване/Редакция Редакция
Дата на регистрацията/редакция 22.04.2015
Статус, дата на статуса 23.01.2012 - от С1,Р / 23.01.2012
Служител, извършил регистрацията/редакцията Ирена_Линкова
999 ## - СИСТЕМНИ КОНТРОЛНИ НОМЕРА
Koha biblioitemnumber 209435
Наличности
Код за отписване Код за изгубен артикул Източник на класификационната схема Код за повреда Коз за рестрикции Код за отдаване Артикулен № Име на библиотеката - собственик Име на библиотеката, в която се намира в момента Статус (Текущо местоположение) Дата на вписване в системата Местоположение - отдел Цена в лева Инвентарен номер Систематично азбучна сигнатура Баркод Номер на екземпляра Цена в евро Служебна бележка Служебен тип на артикула
  Не е изгубен Universal Decimal Classification Не е повреден само за читалня ползва се в читалня 360712 Регионална библиотека "Любен Каравелов" Русе Регионална библиотека "Любен Каравелов" Русе Хранилище 1965-01-01 Хранилище 1.50 5361/65 Цб 300983 900000021878 1 0.77 Вид: Сф Дата: 01.01.1965 Графични издания
Изтеглен Не е изгубен Universal Decimal Classification Не е повреден без рестрикции заемане за дома 360713 Регионална библиотека "Любен Каравелов" Русе Регионална библиотека "Любен Каравелов" Русе Отдел Изкуство - подръчен фонд 1965-01-01 Отдел Изкуство - подръчен фонд 0.00 8679/65 75(497.2)(092)/А 93 8679/65 2 0.00 Вид: Сф Дата: 01.01.1965 Дата инв: 04.06.2015 Бележки инв: ГрИ2015 Графични издания
  Не е изгубен Universal Decimal Classification Не е повреден без рестрикции заемане за дома 360714 Регионална библиотека "Любен Каравелов" Русе Регионална библиотека "Любен Каравелов" Русе Отдел Изкуство - подръчен фонд 1965-01-01 Отдел Изкуство - подръчен фонд 4.59 9222/65 75(497.2)(092)/А 93 900000003898 3 2.35 Вид: Сф Дата: 01.01.1965 Графични издания
Vip Innovations Ltd, Rousse, Bulgaria 2025